Corresponsales de guerra

সংরক্ষণ করুন:
গ্রন্থ-পঞ্জীর বিবরন
প্রধান লেখক: Pérez Valdés, Fernando
বিন্যাস: গ্রন্থ
ভাষা:Undetermined
প্রকাশিত: La Habana, Cuba Casa de las Américas 1981
বিষয়গুলি:
ট্যাগগুলো: ট্যাগ যুক্ত করুন
কোনো ট্যাগ নেই, প্রথমজন হিসাবে ট্যাগ করুন!

MARC

LEADER 00000nam a2200000Ia 4500
008 170316s9999 xx 000 0 und d
040 |a cru BVZT 
090 |a 860 P-27c 
100 |a Pérez Valdés, Fernando 
245 |a Corresponsales de guerra 
260 |a La Habana, Cuba  |b Casa de las Américas  |c 1981 
300 |a 253 páginas 
650 |a LITERATURA LATINOAMERICANA 
999 |c 9089  |d 9089 
942 |c 15 D  |h 860 P-27c  |2 z